00365nam a2200133Ia 4500003000900000008004100009040001600050080001700066100001600083245005600099260003100155300001400186650003100200IN-BaIIA211028s9999 xx 000 0 eng d cIIA Library a621.1bJON-2 aJones, E. B 0aInstrument tehchnologybvol. 2cE. B. Gareth Jones' aLondonbButterworthsc1956 axi, 208p. aInstrumentation technology